[Event "Arco op 34th"]
[Site "Arco"]
[Date "2012.10.21"]
[Round "9"]
[White "Mumelter, Igor"]
[Black "Kierzek, Matthias"]
[Result "0-1"]
[WhiteElo "1837"]
[BlackElo "2191"]
[PlyCount "65"]
[EventDate "2012.10.13"]
[EventType "swiss"]
[EventRounds "9"]
[EventCountry "ITA"]
[SourceTitle "EXT 2013"]
[Source "ChessBase"]
[SourceDate "2012.11.22"]
[SourceVersion "1"]
[SourceVersionDate "2012.11.22"]
[SourceQuality "1"]

1. e4 c6 2. d4 d5 3. Nc3 dxe4 4. Nxe4 Bf5 5. Ng3 Bg6 6. h4 h6 7. Nf3 Nd7 8. h5 Bh7 9. Bd3 Bxd3 10. Qxd3 e6 11. Bd2 Ngf6 12. 0-0-0 Be7 13. Ne4 Nxe4 14. Qxe4 Nf6 15. Qd3 0-0 16. Kb1 Ng4 17. Qe2 Qd5 18. Ne5 Nxe5 19. dxe5 Qc5 20. f4 Rad8 21. g4 Rd5 22. c4 Rd4 23. Be3 Qxc4 24. Qxc4 Rxc4 25. Rd7 Bc5 26. b3 Rc3 27. Bxc5 Rxc5 28. Rhd1 Rb5 29. Kc2 a5 30. a3 Rc5+ 31. Kb2 b5 32. Rb7 a4 33. Rdd7 0-1

[Event "Arco op 32nd"]
[Site "Arco"]
[Date "2010.10.17"]
[Round "2"]
[White "Mumelter, Igor"]
[Black "Thonig, Manfred"]
[Result "1-0"]
[WhiteElo "1839"]
[BlackElo "1607"]
[PlyCount "65"]
[EventDate "2010.10.16"]
[EventType "swiss"]
[EventRounds "9"]
[EventCountry "ITA"]
[SourceTitle "EXT 2024"]
[Source "ChessBase"]
[SourceDate "2023.10.10"]
[SourceVersion "1"]
[SourceVersionDate "2023.10.10"]
[SourceQuality "1"]

1. e4 g6 2. d4 Bg7 3. Nc3 c5 4. Nge2 Qb6 5. dxc5 Qxc5 6. Be3 Qa5 7. Bd4 e5 8. Be3 Nf6 9. f3 0-0 10. Qd2 Nc6 11. 0-0-0 b5 12. Kb1 b4 13. Nd5 Rb8 14. Nc1 d6 15. Nb3 Qa4 16. Bc4 Na5 17. Nxf6+ Bxf6 18. Nxa5 Qxa5 19. Qxd6 Bg7 20. Qxb8 Be6 21. Qb5 Qc7 22. Bxe6 fxe6 23. Rd7 Qc8 24. Rhd1 Bf6 25. g3 a6 26. Qd3 a5 27. h4 a4 28. Bg5 Bg7 29. Rd8 Qc5 30. Rxf8+ Bxf8 31. Qd8 a3 32. Bh6 axb2 33. Qxf8+ 1-0

[Event "Leros Artemis Cup 2nd"]
[Site "Leros"]
[Date "2010.07.13"]
[Round "1"]
[White "Kasparov, Sergey"]
[Black "Mumelter, Igor"]
[Result "1-0"]
[WhiteElo "2492"]
[BlackElo "1838"]
[PlyCount "67"]
[EventDate "2010.07.13"]
[EventType "swiss"]
[EventRounds "9"]
[EventCountry "GRE"]
[SourceTitle "CBM 137 Extra"]
[Source "ChessBase"]
[SourceDate "2010.09.01"]
[SourceVersion "1"]
[SourceVersionDate "2010.09.01"]
[SourceQuality "1"]

1. e4 c6 2. d4 d5 3. Nc3 dxe4 4. Nxe4 Bf5 5. Ng3 Bg6 6. Nh3 e6 7. Nf4 Bd6 8. h4 Qc7 9. Nxg6 hxg6 10. Ne4 Nf6 11. Nxd6+ Qxd6 12. g3 Nbd7 13. Bg2 c5 14. dxc5 Qxd1+ 15. Kxd1 Rd8 16. Ke2 Nxc5 17. Be3 b6 18. a4 0-0 19. a5 Nd5 20. axb6 axb6 21. Ra7 Nxe3 22. Kxe3 e5 23. Re7 Rfe8 24. Rxe8+ Rxe8 25. Rd1 Rc8 26. Ra1 Rc7 27. Ra8+ Kh7 28. Bd5 f5 29. c4 f4+ 30. gxf4 exf4+ 31. Kxf4 Nd3+ 32. Kg5 Ne5 33. Rf8 Rc5 34. b4 1-0

[Event "Mogliano Veneto op-B 31st"]
[Site "Mogliano Veneto"]
[Date "2010.05.01"]
[Round "2"]
[White "Mumelter, Igor"]
[Black "Faini, Ivano"]
[Result "1-0"]
[WhiteElo "1856"]
[BlackElo "1703"]
[PlyCount "103"]
[EventDate "2010.04.30"]
[EventType "swiss"]
[EventRounds "5"]
[EventCountry "ITA"]
[SourceTitle "EXT 2023"]
[Source "ChessBase"]
[SourceDate "2022.10.05"]
[SourceVersion "1"]
[SourceVersionDate "2022.10.05"]
[SourceQuality "1"]

1. e4 d5 2. exd5 Qxd5 3. Nc3 Qa5 4. d4 c6 5. Nf3 Nf6 6. Bc4 Bf5 7. Ne5 e6 8. g4 Bg6 9. Bd3 Bxd3 10. Nxd3 Nbd7 11. Bd2 Qb6 12. Be3 Qc7 13. Qf3 Bb4 14. Nxb4 a5 15. Nd3 b5 16. Nxb5 Qb6 17. Nd6+ Ke7 18. Nxf7 Kxf7 19. g5 Ke7 20. gxf6+ gxf6 21. d5 c5 22. dxe6 Kxe6 23. Qe4+ Ne5 24. f4 Qc6 25. fxe5 Qxe4 26. Nxc5+ Kxe5 27. Nxe4 Kxe4 28. Bd2 a4 29. 0-0-0 a3 30. Rhe1+ Kf3 31. Re3+ Kf2 32. Rxa3 Rxa3 33. bxa3 Kg2 34. Bf4 Kf3 35. Bg3 f5 36. Rf1+ Ke4 37. Rf4+ Ke5 38. Kb2 h5 39. c3 Ke6 40. Kb3 Rc8 41. a4 Rg8 42. Rh4 Rh8 43. Kb4 Kd5 44. c4+ Kc6 45. c5 Rh7 46. Bd6 Rb7+ 47. Kc3 Rh7 48. Rb4 Ra7 49. Kc4 Rg7 50. Rb6+ Kd7 51. Rb7+ Kc8 52. Rxg7 1-0